| 000 | 00767cam a22002537a 4500 | ||
|---|---|---|---|
| 001 | 001220 | ||
| 003 | armpunfd | ||
| 005 | 20140612090634.0 | ||
| 008 | 030313e0####xx#a##########000#0#und#d | ||
| 040 |
_aarmpunfd _carmpunfd |
||
| 080 | _a342.4 F415 | ||
| 100 | 1 | 0 | _a Ferreyra, Raul Gustavo |
| 245 | 1 | 0 | _aNotas sobre derecho constitucional y garantias |
| 260 |
_a Uenos Aires : Ediar _b2001. Isbn : 950-574-150-2 |
||
| 650 | 7 |
_a Amparo _2LEMB |
|
| 650 | 7 |
_a Garantias Constitucionales _2LEMB |
|
| 650 | 7 |
_a Inconstitucionalidad _2LEMB |
|
| 650 | 7 |
_a Jurisdiccion _2LEMB |
|
| 650 | 7 |
_a Ordenamiento Juridico _2LEMB |
|
| 650 | 7 |
_a Roles Del Congreso _2LEMB |
|
| 650 | 7 |
_a Teoria Constitucional _2LEMB |
|
| 942 |
_cLB _2cdu |
||
| 945 |
_aCatalis _d2010-08-19 |
||
| 999 |
_c1211 _d231715 |
||